| 000 | 00377nam a2200145Ia 4500 | ||
|---|---|---|---|
| 008 | 230917s9999||||xx |||||||||||||| ||und|| | ||
| 040 |
_e160785 _aMAIN |
||
| 041 | _aEnglish | ||
| 082 | _a658.3 M313G | ||
| 100 | _aMangaraj, Sujata | ||
| 245 | 0 | _aGlobalization and human resource management | |
| 260 |
_aNew Delhi _bExcel Books _c2008 |
||
| 300 | _axiii, 281 p. | ||
| 942 | _cBK | ||
| 999 |
_c153213 _d153213 |
||